000 00785cam a22002055a 4500
001 L156036
008 120426s1834 xxk f 000 0 eng d
035 _a(Sirsi) u156036
041 0 _aeng
100 1 _aBayldon, J. S.
245 0 2 _aA treatise on the valuation of property for the poor's rate
_bshowing the method of rating ... with an abstract of the poor laws relating to rates and appeals
250 _aSecond edition, corrected and enlarged
260 _aLondon
_bPrinted for Longman, Rees, Orme, Brown, Green, & Longman, Paternoster-Row
_c1834
300 _avi, [2], 237, [1], 16 p.
_c8o
583 _aCondition reviewed
_c20120620
_lcondition level 4 and 4
651 4 _aGreat Britain
_y1707-
690 _aValuation
_96273
690 _aFinance and taxation
942 _n0
999 _c113995
_d113995